Formula 1 2024 Drivers & Teams - Statistics

General Stats
  • This quiz has been taken 63 times
  • The average score is 27 of 30
Answer Stats
Nationality Driver % Correct
Aston Martin
98%
Ferrari
98%
Mercedes
98%
Monegasque ๐Ÿ‡ฒ๐Ÿ‡จ Charles Leclerc
96%
Spanish ๐Ÿ‡ช๐Ÿ‡ธ Fernando Alonso
96%
Dutch ๐Ÿ‡ณ๐Ÿ‡ฑ Max Verstappen
96%
Mexican ๐Ÿ‡ฒ๐Ÿ‡ฝ Sergio Perez
96%
Spanish ๐Ÿ‡ช๐Ÿ‡ธ Carlos Sainz
94%
Canadian ๐Ÿ‡จ๐Ÿ‡ฆ Lance Stroll
94%
British ๐Ÿ‡ฌ๐Ÿ‡ง Lewis Hamilton
94%
Haas
91%
McLaren
91%
Alpine
89%
French ๐Ÿ‡ซ๐Ÿ‡ท Esteban Ocon
89%
British ๐Ÿ‡ฌ๐Ÿ‡ง George Russell
89%
British ๐Ÿ‡ฌ๐Ÿ‡ง Lando Norris
89%
Finnish ๐Ÿ‡ซ๐Ÿ‡ฎ Valtteri Bottas
89%
Australian ๐Ÿ‡ฆ๐Ÿ‡บ Daniel Ricciardo
87%
German ๐Ÿ‡ฉ๐Ÿ‡ช Nico Hulkenberg
87%
French ๐Ÿ‡ซ๐Ÿ‡ท Pierre Gasly
87%
Williams
87%
Australian ๐Ÿ‡ฆ๐Ÿ‡บ Oscar Piastri
85%
Japanese ๐Ÿ‡ฏ๐Ÿ‡ต Yuki Tsunoda
85%
Danish ๐Ÿ‡ฉ๐Ÿ‡ฐ Kevin Magnussen
83%
Thai ๐Ÿ‡น๐Ÿ‡ญ Alexander Albon
81%
Kick Sauber
79%
American ๐Ÿ‡บ๐Ÿ‡ธ Logan Sargeant
79%
RB
79%
Chinese ๐Ÿ‡จ๐Ÿ‡ณ Zhou Guanyu
79%
Red Bull Racing
72%
No matching quizzes found
Score Distribution
Percent of People with Each Score
Percentile by Number Answered
Your Score History
You have not taken this quiz